00743nam a2200181 a 4500003000200000005001700002008004100019050002800060100003000088245010300118260009200221300004000313504004100353650003600394650005600430650002900486650004600515020250523140742.0021128s19uu xx 00 eng d aPGS Z 103.5b.L294 2001 aLansang, Nadine Isabel Y. aThe perception of readers of Harry Potter books about its readability /cNadine Isabel Y. Lansang. aLas Piñas City, Philippines : bSouthville International School and Colleges,c2001. a23 pages :billustrations ;c28 cm. aIncludes bibliographical references. aRowling, J. K. vReadability.  aHarry Potter (Fictitious character)vReadability.  aReaders’ perception.  aChildren’s literature —vReadability.